Memoria del Ateneo Científico, Literario y Artístico de Maó (Record no. 174679)

MARC details
000 -LEADER
campo de control de longitud fija 01129nam a2200253 4500
001 - NÚMERO DE CONTROL
campo de control 174679
003 - IDENTIFICADOR DE NÚMERO DE CONTROL
campo de control ES-MaACL
005 - FECHA Y HORA DE LA ÚLTIMA TRANSACCIÓN
campo de control 20230906215622.0
008 - DATOS DE LONGITUD FIJA--INFORMACIÓN GENERAL
campo de control de longitud fija 100518s1994 sp c |||| | spa d
017 ## - NÚMERO DE COPYRIGHT O DE DEPÓSITO LEGAL
Número de copyright o de depósito legal MH-324-1994
080 ## - NÚMERO DE LA CLASIFICACIÓN DECIMAL UNIVERSAL
Número de la Clasificación Decimal Universal 061
110 2# - ENTRADA PRINCIPAL--NOMBRE DE ENTIDAD CORPORATIVA
Nombre de entidad corporativa o nombre de jurisdicción como elemento de entrada Ateneo Científico, Literario y Artístico de Mahón.
9 (RLIN) 141489
245 10 - MENCIÓN DEL TÍTULO
Título Memoria del Ateneo Científico, Literario y Artístico de Maó
Resto del título : Curso académico 1993-94.
246 31 - FORMA VARIANTE DEL TITULO
Título propio/Titulo breve Memòria de l'Ateneu Científic, Literari i Artístic de Maó
Resto del título : Curs acadèmic 1993-94
260 ## - PUBLICACIÓN, DISTRIBUCIÓN, ETC.
Lugar de publicación, distribución, etc. Mahón (Menorca) :
Nombre del editor, distribuidor, etc. Ateneo Científico, Literario y Artístico,
Fecha de publicación, distribución, etc. D.L. 1994 (
Fabricante Ed. Menorca)
300 ## - DESCRIPCIÓN FÍSICA
Extensión 82 p., 82 p. :
Otras características físicas retr. ;
Dimensiones 22 cm.
505 8# - NOTA DE CONTENIDO CON FORMATO
Nota de contenido con formato Contiene: ;
Título Los orígenes del Ateneo de Maó : discurso inaugural del curso académico 1980-81 /
Mención de responsabilidad pronunciado por Joan Hernàndez Móra
546 ## - NOTA DE IDIOMA
Nota de lengua/lenguaje Texto en catalán y español.
594 ## - Nota al título y mención de responsabilidad
Nota al título y mención de responsabilidad Datos tomados de las cub.
610 24 - PUNTO DE ACCESO ADICIONAL DE MATERIA--NOMBRE DE ENTIDAD CORPORATIVA
Nombre de entidad corporativa o nombre de jurisdicción como elemento de entrada Ateneo Científico, Literario y Artístico de Mahón.
9 (RLIN) 141489
700 1# - ENTRADA AGREGADA--NOMBRE PERSONAL
Nombre de persona Hernández Mora, Juan.
9 (RLIN) 63003
740 4# - ENTRADA AGREGADA--TÍTULO RELACIONADO/ANALÍTICO NO CONTROLADO
Título relacionado o analítico no controlado Els orígens de l'Ateneu de Maó.
852 4# - LOCALIZACIÓN
Ubicación ES-MaACL
Número de control de estantería C-57228
Holdings
Estatus retirado Estado de pérdida Estado de daño No para préstamo Biblioteca de origen Biblioteca actual Ubicación en estantería Fecha de adquisición Fuente de adquisición Total de préstamos Signatura topográfica completa Código de barras Visto por última vez Precio de reemplazo Tipo de ítem Koha
        Biblioteca del Ateneo de Madrid Biblioteca del Ateneo de Madrid Depósito 2 18/05/2010     C-57228 1183385 23/02/2023 23/02/2023 Libro impreso